[Event "1st Qinhuangdao Open"]
[Site "Qinhuangdao CHN"]
[Date "2011.10.04"]
[Round "5"]
[White "Batchuluun, Tsegmed"]
[Black "Ma, Zhonghan"]
[Result "1/2-1/2"]
[WhiteTitle "IM"]
[WhiteElo "2435"]
[BlackElo "2394"]
[WhiteFideId "4900847"]
[BlackFideId "8607206"]
[EventDate "2011.10.01"]

1. d4 d5 2. c4 c6 3. Nf3 Nf6 4. e3 Bf5 5. Nc3 e6 6. Nh4 Bg6 7. Nxg6 hxg6 8. a3
Nbd7 9. g3 Be7 10. b3 dxc4 11. bxc4 e5 12. Bg2 exd4 13. exd4 Nb6 14. d5 cxd5 15.
Nxd5 Nfxd5 16. cxd5 Bf6 17. Qe2+ Kf8 18. Rb1 Bc3+ 19. Bd2 Bxd2+ 20. Qxd2 Qe7+
21. Qe3 Re8 22. O-O Qxe3 23. fxe3 Rd8 24. e4 Rh5 25. Rb4 Ke7 26. a4 Rd7 27. Rfb1
Nc8 28. Rxb7 Nd6 29. Rxd7+ Kxd7 30. a5 f6 31. Rb8 Re5 32. Rg8 Re7 33. Ra8 Nb5
34. Bf1 Nc7 35. Rxa7 Rxe4 36. a6 Kd6 37. Rb7 Ra4 38. a7 Ra1 39. Kf2 Nxd5 40. Bg2
Ra2+ 41. Kg1 Ra1+ 42. Kf2 Ra2+ 43. Ke1 g5 44. Rxg7 Nb6 45. Rf7 Ke6 46. Rb7 Nc8
47. Bh3+ f5 48. g4 f4 49. Bf1 Rxa7 50. Rb5 Rg7 51. Bc4+ Kf6 52. Rf5+ Ke7 53.
Re5+ Kd6 54. Rd5+ Ke7 55. Re5+ Kd6 56. Rd5+ Ke7 57. Bd3 Nd6 58. Kf2 Ke6 59. Ra5
Kf6 60. Ra6 Rd7 61. Kf3 Kg7 62. Ra5 Kf6 63. Rd5 Rd8 64. h3 Rd7 65. Bb1 Rd8 66.
Be4 Rd7 67. Bd3 Rd8 68. Bb5 Kg6 69. Bd3+ Kf6 70. h4 gxh4 71. Kxf4 Nf7 72. Rf5+
Kg7 73. Be4 Rd4 74. Ke3 Rxe4+ 75. Kxe4 Nd6+ 76. Kf4 Nxf5 77. gxf5 1/2-1/2

[Event "1st Qinhuangdao Open"]
[Site "Qinhuangdao CHN"]
[Date "2011.10.04"]
[Round "5"]
[White "Wang, Yu A."]
[Black "Ganguly, Surya Shekhar"]
[Result "1-0"]
[WhiteTitle "IM"]
[BlackTitle "GM"]
[WhiteElo "2360"]
[BlackElo "2631"]
[WhiteFideId "8601097"]
[BlackFideId "5002150"]
[EventDate "2011.10.01"]

1. e4 e6 2. d4 d5 3. exd5 exd5 4. Nf3 Nc6 5. Bb5 Ne7 6. O-O a6 7. Ba4 Bg4 8. Re1
Qd6 9. Bg5 f6 10. Bh4 O-O-O 11. Bg3 Qb4 12. c3 Bxf3 13. gxf3 Qxb2 14. Nd2 Qxc3
15. Rc1 Qxd4 16. Qc2 Qb4 17. Bxc6 Nxc6 18. Qf5+ Kb8 19. Rxc6 Bd6 20. Rc2 g6 21.
Qxf6 Rhf8 22. Qg7 Rh8 23. Qf6 Rhf8 24. Qg7 Rg8 25. Qa1 Bxg3 26. hxg3 Qd6 27. Rb1
Rge8 28. Qb2 b6 29. Rbc1 Rc8 30. Nb3 Ka7 31. Rc6 Re1+ 32. Kg2 Qe7 33. Nd4 Rxc1
34. Qxc1 Kb7 35. Qc3 Rd8 36. Re6 Qd7 37. Qe3 Qa4 38. Re7 Rd7 39. Re8 Rd6 40. Rh8
Rd7 41. Re8 Rd6 42. Rh8 Qd7 43. Qh6 Qe7 44. Rxh7 Qe5 45. Qc1 Rf6 46. Qc3 g5 47.
Rh1 Qd6 48. a4 Qc5 49. Qe3 1-0

[Event "1st Qinhuangdao Open"]
[Site "Qinhuangdao CHN"]
[Date "2011.10.04"]
[Round "5"]
[White "Pham, Le Thao Nguyen"]
[Black "Arutinian, David"]
[Result "0-1"]
[WhiteTitle "WGM"]
[BlackTitle "GM"]
[WhiteElo "2362"]
[BlackElo "2577"]
[WhiteFideId "12401226"]
[BlackFideId "13601741"]
[EventDate "2011.10.01"]

1. d4 g6 2. Nf3 Bg7 3. Bf4 d6 4. e3 Nd7 5. h3 e5 6. Bh2 Qe7 7. Be2 Nh6 8. c4 f5
9. Nc3 c6 10. Qc2 Nf7 11. Rd1 O-O 12. b4 b6 13. O-O Bb7 14. Rfe1 Rfd8 15. Qb3
Rab8 16. Qa3 Ra8 17. Qb3 Rab8 18. Qc2 Ra8 19. Qb3 Rab8 20. Qa3 Ra8 21. Qb3 Rab8
22. Qa3 a5 23. bxa5 Ra8 24. dxe5 Rxa5 25. Qb4 c5 26. Qb3 dxe5 27. Nd5 Nd6 28.
Nc3 Nf7 29. Nd5 Bxd5 30. cxd5 Nd6 31. a4 c4 32. Bxc4 Nc5 33. Qc2 Rc8 34. Bb5
Nxa4 35. Bc6 b5 36. Ra1 h6 37. Rec1 Kh7 38. Qd2 Ra7 39. Qb4 Rac7 40. Nd4 Nb6 41.
Rd1 Nbc4 42. Nb3 g5 43. Na5 f4 44. Kh1 Qf8 45. Nxc4 bxc4 46. Rac1 Rb8 47. Ra1
Rbc8 48. Rac1 Rb8 49. Qa5 Rf7 50. exf4 gxf4 51. f3 e4 52. fxe4 Nxe4 53. Qe1 Re7
54. Qf1 Rb2 55. d6 Nf2+ 56. Kg1 Ree2 57. d7 Nxd1 58. Rxd1 Qc5+ 59. Kh1 Qxc6 60.
d8=Q Rxg2 61. Rd5 Rxh2+ 62. Kg1 Qg6+ 63. Rg5 Qxg5+ 64. Qxg5 Bd4+ 0-1

[Event "1st Qinhuangdao Open"]
[Site "Qinhuangdao CHN"]
[Date "2011.10.04"]
[Round "5"]
[White "Dzhumaev, Marat"]
[Black "Mu, Ke"]
[Result "0-1"]
[WhiteTitle "GM"]
[WhiteElo "2492"]
[BlackElo "2278"]
[WhiteFideId "14200236"]
[BlackFideId "8602778"]
[EventDate "2011.10.01"]

1. e4 e6 2. d4 d5 3. e5 c5 4. c3 Qb6 5. Nf3 Bd7 6. Be2 Nc6 7. O-O f6 8. dxc5
Bxc5 9. b4 Be7 10. Bf4 Nh6 11. exf6 Bxf6 12. b5 Ne7 13. Ne5 Bxe5 14. Bxe5 O-O
15. c4 Rad8 16. Nc3 dxc4 17. Bd4 Qc7 18. Qa4 Nd5 19. Rac1 Nf5 20. Bxc4 Nxd4 21.
Nxd5 Qe5 22. Nc3 a6 23. Qb4 axb5 24. Bb3 Bc6 25. Rce1 Qf4 26. Kh1 Bxg2+ 27. Kxg2
Qf3+ 28. Kg1 Rf4 29. Ne4 Rxe4 30. Rxe4 Qxe4 31. Qe7 Qf3 32. Qb4 Qe4 33. Qe7 Ne2# 0-1

[Event "1st Qinhuangdao Open"]
[Site "Qinhuangdao CHN"]
[Date "2011.10.04"]
[Round "5"]
[White "Wan, Yunguo"]
[Black "Abdumalik, Zhansaya"]
[Result "1-0"]
[BlackTitle "WIM"]
[WhiteElo "2459"]
[BlackElo "2030"]
[WhiteFideId "8603189"]
[BlackFideId "13703544"]
[EventDate "2011.10.01"]

1. e4 c5 2. Nf3 d6 3. d4 cxd4 4. Nxd4 Nf6 5. Nc3 a6 6. Be3 e5 7. Nb3 Be7 8. h3
Be6 9. Qf3 Nbd7 10. g4 h6 11. O-O-O Rc8 12. Nd5 Bxd5 13. exd5 Nb6 14. h4 Qc7 15.
c3 Nbxd5 16. Bd2 Nb6 17. g5 Nfd7 18. gxh6 gxh6 19. Kb1 Qc6 20. Qh3 d5 21. Be2
Nc4 22. Bc1 Nf6 23. Rhe1 Qe6 24. Qh2 Qf5+ 25. Ka1 Kf8 26. f3 Bd6 27. Qg1 Bb8 28.
Bd3 Qh5 29. Bxc4 dxc4 30. Qb6 Qf5 31. Nc5 a5 32. Qxb7 Rxc5 33. Rd8+ Ne8 34.
Rxe8+ Kxe8 35. Qxb8+ Qc8 36. Rxe5+ Kd7 37. Qa7+ Rc7 38. Qd4+ Kc6 39. Qd5+ Kb6
40. Be3+ Rc5 41. Bxc5+ Ka6 42. Qd6+ Kb5 43. Be3+ Ka4 44. Qa3# 1-0

[Event "1st Qinhuangdao Open"]
[Site "Qinhuangdao CHN"]
[Date "2011.10.04"]
[Round "5"]
[White "Ding, Yixin"]
[Black "Wang, Rui"]
[Result "1-0"]
[WhiteTitle "WGM"]
[BlackTitle "GM"]
[WhiteElo "2340"]
[BlackElo "2432"]
[WhiteFideId "8602972"]
[BlackFideId "8601003"]
[EventDate "2011.10.01"]

1. e4 d6 2. d4 g6 3. Nc3 Nf6 4. Be3 a6 5. Qd2 b5 6. f3 Nbd7 7. g4 Nb6 8. b3 h6
9. Nge2 Bg7 10. Ng3 Nbd7 11. h4 h5 12. g5 Nh7 13. f4 c5 14. f5 cxd4 15. Bxd4 Ne5
16. Be2 Bb7 17. O-O-O Nf8 18. Rhf1 Qc7 19. Nd5 Bxd5 20. exd5 Rc8 21. Kb1 Nfd7
22. Kc1 Nf8 23. Kb1 Nfd7 24. fxg6 fxg6 25. Bd3 Rg8 26. Qf2 Kd8 27. Be4 Qa5 28.
Ne2 Nc5 29. Bxg6 Kc7 30. Bf5 Kb7 31. Bxc8+ Rxc8 32. Ng3 Na4 33. bxa4 Qb4+ 34.
Ka1 Rc3 35. Qe1 Nd3 36. Qxe7+ Rc7 37. Qxc7+ Kxc7 38. Rf7+ Kc8 39. Bxg7 Ne1 40.
Rf2 Qc5 41. Rf8+ 1-0

[Event "1st Qinhuangdao Open"]
[Site "Qinhuangdao CHN"]
[Date "2011.10.04"]
[Round "5"]
[White "Lou, Yiping"]
[Black "Xu, Yining"]
[Result "1-0"]
[WhiteTitle "IM"]
[WhiteElo "2433"]
[BlackElo "2244"]
[WhiteFideId "8603928"]
[BlackFideId "8603650"]
[EventDate "2011.10.01"]

1. d4 g6 2. c4 Nf6 3. Nc3 Bg7 4. e4 d6 5. f3 c6 6. Be3 a6 7. Nge2 b5 8. Ng3 O-O
9. Be2 Nbd7 10. O-O Bb7 11. Qb3 Rb8 12. Rfd1 bxc4 13. Bxc4 Qa5 14. Qa4 Qb6 15.
Qa3 a5 16. Rac1 Ba6 17. Na4 Qb7 18. Bxa6 Qxa6 19. Qd3 Qb5 20. b3 Rfc8 21. Qf1 h5
22. Rc2 Nb6 23. Rcc1 Nbd7 24. Rc2 Nb6 25. Qxb5 cxb5 26. Rxc8+ Nxc8 27. Nc3 Nb6
28. Rc1 b4 29. Nce2 d5 30. Bg5 dxe4 31. fxe4 Rc8 32. Rxc8+ Nxc8 33. Bxf6 Bxf6
34. e5 Bg5 35. Kf2 Nb6 36. Ne4 Nc8 37. N4g3 Nb6 38. Ne4 Bh6 39. Nc5 e6 40. Kf3
Kf8 41. Ke4 Ke7 42. h3 Ke8 43. Kd3 Bf8 44. g3 Bxc5 45. dxc5 Nd5 46. Kc4 Kd7 47.
Nd4 Kc7 48. Kb5 Nc3+ 49. Kxa5 Nxa2 50. g4 Nc1 51. gxh5 gxh5 52. Kb5 h4 53. Kc4
Na2 54. Nf3 Kc6 55. Nxh4 Nc3 56. Nf3 1-0

[Event "1st Qinhuangdao Open"]
[Site "Qinhuangdao CHN"]
[Date "2011.10.04"]
[Round "6"]
[White "Zhou, Weiqi"]
[Black "Ding, Liren"]
[Result "1/2-1/2"]
[WhiteTitle "GM"]
[BlackTitle "GM"]
[WhiteElo "2598"]
[BlackElo "2659"]
[WhiteFideId "8601674"]
[BlackFideId "8603677"]
[EventDate "2011.10.01"]

1. c4 g6 2. g3 Bg7 3. Bg2 Nf6 4. Nf3 c6 5. O-O O-O 6. d4 d5 7. cxd5 cxd5 8. Ne5
Ng4 9. Nf3 Nf6 10. Ne5 Ng4 11. Nf3 Nf6 12. Ne5 Ng4 13. Nf3 1/2-1/2

[Event "1st Qinhuangdao Open"]
[Site "Qinhuangdao CHN"]
[Date "2011.10.04"]
[Round "6"]
[White "Pantsulaia, Levan"]
[Black "Nguyen, Ngoc Truong Son"]
[Result "1/2-1/2"]
[WhiteTitle "GM"]
[BlackTitle "GM"]
[WhiteElo "2614"]
[BlackElo "2644"]
[WhiteFideId "13602071"]
[BlackFideId "12401110"]
[EventDate "2011.10.01"]

1. Nf3 Nf6 2. g3 d5 3. Bg2 g6 4. c4 c6 5. Qb3 Bg7 6. O-O O-O 7. d4 dxc4 8. Qxc4
Be6 9. Qa4 Nbd7 10. Nc3 Bf5 11. Bf4 Nb6 12. Qb3 Ne4 13. Rfd1 h6 14. Be5 Nf6 15.
Nd2 Be6 16. Qc2 Nbd7 17. Bf4 Nh5 18. Be3 Nhf6 19. Bf4 Nh5 20. Be3 Nhf6 21. Bf4
Nh5 1/2-1/2

[Event "1st Qinhuangdao Open"]
[Site "Qinhuangdao CHN"]
[Date "2011.10.04"]
[Round "6"]
[White "Xu, Jun"]
[Black "Wang, Chen"]
[Result "1/2-1/2"]
[WhiteTitle "GM"]
[BlackTitle "IM"]
[WhiteElo "2500"]
[BlackElo "2454"]
[WhiteFideId "8600031"]
[BlackFideId "8601020"]
[EventDate "2011.10.01"]

1. d4 d5 2. Nf3 Nf6 3. c4 e6 4. g3 g6 5. Bg2 Bg7 6. O-O O-O 7. Nc3 Nc6 8. b3 Ne4
9. Bb2 Nxc3 10. Bxc3 b6 11. Qc2 Bb7 12. Rfd1 Qe7 13. Rac1 Rac8 14. e3 a5 15. Qb2
Rfd8 16. a3 Qe8 17. cxd5 exd5 18. b4 axb4 19. Bxb4 Nxb4 20. axb4 Bc6 21. Bh3 f5
22. Bf1 Ba4 23. Rd2 c5 24. Ba6 Rc7 25. bxc5 b5 26. c6 Rxc6 27. Bb7 Rxc1+ 28.
Qxc1 Qe7 29. Bc6 Bf6 30. Qc5 Kg7 31. Qxe7+ Bxe7 32. Ne5 Rd6 33. Rb2 Bf6 1/2-1/2

[Event "1st Qinhuangdao Open"]
[Site "Qinhuangdao CHN"]
[Date "2011.10.04"]
[Round "6"]
[White "Bu, Xiangzhi"]
[Black "Li, Chao b"]
[Result "0-1"]
[WhiteTitle "GM"]
[BlackTitle "GM"]
[WhiteElo "2666"]
[BlackElo "2710"]
[WhiteFideId "8601445"]
[BlackFideId "8604436"]
[EventDate "2011.10.01"]

1. d4 Nf6 2. Nf3 g6 3. c3 Bg7 4. Bf4 O-O 5. h3 c5 6. e3 cxd4 7. exd4 d6 8. Be2
Nc6 9. O-O Nd5 10. Bg3 e5 11. Nbd2 Nde7 12. dxe5 dxe5 13. Nc4 Nf5 14. Qxd8 Rxd8
15. Bxe5 Nxe5 16. Ncxe5 Re8 17. Rfe1 Rxe5 18. Nxe5 Bxe5 19. Bg4 Bc7 20. Re8+ Kg7
21. Bxf5 gxf5 22. Rd1 Rb8 23. Re7 Bf4 24. Rd4 Kf8 25. Re1 Bg5 26. c4 Bf6 27. Rd3
Be6 28. b3 Be7 29. g3 Rc8 30. Re5 Kg7 31. Kg2 Kf6 32. Re1 Bb4 33. Red1 Ba5 34.
a3 Bb6 35. Rc3 h5 36. Rd2 Bc7 37. Rf3 Be5 38. Rfd3 f4 39. Rd8 Rc5 40. a4 Bc7 41.
Ra8 a6 42. Ra7 fxg3 43. fxg3 Bf5 44. Rf2 Kg6 45. Re2 Bd7 46. Ra8 Bc6+ 47. Kf2
Rf5+ 0-1

[Event "1st Qinhuangdao Open"]
[Site "Qinhuangdao CHN"]
[Date "2011.10.04"]
[Round "6"]
[White "Lu, Yijie"]
[Black "Xiu, Deshun"]
[Result "1-0"]
[BlackTitle "GM"]
[WhiteElo "2370"]
[BlackElo "2540"]
[WhiteFideId "8604525"]
[BlackFideId "8603693"]
[EventDate "2011.10.01"]

1. e4 e5 2. Nf3 Nc6 3. Nc3 Nf6 4. Bb5 Bd6 5. d3 h6 6. h3 a6 7. Bxc6 dxc6 8. Be3
c5 9. a4 Be6 10. b3 Nd7 11. Nd2 Nf8 12. a5 Ng6 13. Na4 Qe7 14. Nc4 Nf4 15. Qf3
g5 16. g3 Ng6 17. Qh5 Kf8 18. O-O-O Kg7 19. h4 Raf8 20. Nxd6 cxd6 21. hxg5 hxg5
22. Bxg5 Qc7 23. Bh6+ Kg8 24. Qf3 Re8 25. Qf6 Rh7 26. f4 Bg4 27. Rdf1 exf4 28.
gxf4 c4 29. dxc4 Rxe4 30. f5 Ne5 31. Qg5+ 1-0

[Event "1st Qinhuangdao Open"]
[Site "Qinhuangdao CHN"]
[Date "2011.10.04"]
[Round "6"]
[White "Yu, Yangyi"]
[Black "Yu, Ruiyuan"]
[Result "1-0"]
[WhiteTitle "GM"]
[WhiteElo "2646"]
[BlackElo "2428"]
[WhiteFideId "8603820"]
[BlackFideId "8603090"]
[EventDate "2011.10.01"]

1. e4 d5 2. exd5 Qxd5 3. Nc3 Qa5 4. d4 Nf6 5. Bc4 c6 6. Nf3 Bg4 7. h3 Bxf3 8.
Qxf3 e6 9. Bd2 Nbd7 10. O-O-O Bb4 11. Kb1 Qc7 12. g4 Bxc3 13. Bxc3 Nd5 14. Bd2
b5 15. Bd3 N7b6 16. h4 Nc4 17. Bc1 O-O-O 18. g5 Rd7 19. h5 c5 20. Be4 Ncb6 21.
dxc5 Qxc5 22. g6 hxg6 23. hxg6 Rxh1 24. Rxh1 f5 25. Rh8+ Rd8 26. Rxd8+ Kxd8 27.
Bxd5 Nxd5 28. Qe2 Qc4 29. Qe1 Kd7 30. b3 Qe2 31. Qxe2 Nc3+ 32. Kb2 Nxe2 33. Bh6
a6 34. Ka3 e5 35. Bxg7 e4 36. Be5 Ke6 37. g7 Kf7 38. c4 bxc4 39. bxc4 Ng1 40. c5
Nf3 41. Bc3 Ng5 42. c6 Ne6 43. Be5 1-0

[Event "1st Qinhuangdao Open"]
[Site "Qinhuangdao CHN"]
[Date "2011.10.04"]
[Round "6"]
[White "Sandipan, Chanda"]
[Black "Zhang, Ziyang"]
[Result "1-0"]
[WhiteTitle "GM"]
[BlackTitle "IM"]
[WhiteElo "2640"]
[BlackElo "2414"]
[WhiteFideId "5004225"]
[BlackFideId "8601682"]
[EventDate "2011.10.01"]

1. d4 d5 2. c4 e6 3. Nc3 Nf6 4. cxd5 exd5 5. Bg5 c6 6. e3 Be7 7. Bd3 Nbd7 8. Qc2
Nh5 9. Bxe7 Qxe7 10. O-O-O Nb6 11. h3 g6 12. Nf3 Be6 13. Kb1 Ng7 14. Rhe1 O-O-O
15. Nd2 Kb8 16. f3 Rhe8 17. Nb3 Bf5 18. Bxf5 Nxf5 19. e4 Ng7 20. Qf2 Ne6 21. e5
f5 22. Ne2 Rc8 23. Nec1 Nd7 24. Re2 f4 25. Rc2 g5 26. Nd3 Rg8 27. Na5 Qd8 28. b4
h5 29. Nb3 Qe7 30. Rdc1 Qh7 31. Qd2 Nb6 32. Nb2 Nc4 33. Nxc4 dxc4 34. Nc5 Nxc5
35. bxc5 Rcd8 36. Kb2 Qf5 37. Qc3 g4 38. hxg4 hxg4 39. Qxc4 gxf3 40. gxf3 Qd7
41. Rd2 Rg3 42. e6 Qd5 43. Qxd5 cxd5 44. Rf2 Re8 45. Re1 Kc7 46. Re5 Kc6 47. e7
Rg7 48. Rfe2 Rg3 49. Re6+ Kc7 50. R2e5 Rxf3 51. Rxd5 Rf1 52. Rde5 f3 53. d5 f2
54. Rf6 Kd7 55. d6 b6 56. c6+ Kxc6 57. Re2 1-0

[Event "1st Qinhuangdao Open"]
[Site "Qinhuangdao CHN"]
[Date "2011.10.04"]
[Round "6"]
[White "Zhao, Jun"]
[Black "Yu, Lie"]
[Result "1-0"]
[WhiteTitle "GM"]
[BlackTitle "IM"]
[WhiteElo "2587"]
[BlackElo "2416"]
[WhiteFideId "8602522"]
[BlackFideId "8603715"]
[EventDate "2011.10.01"]

1. c4 e6 2. Nc3 d5 3. d4 a6 4. cxd5 exd5 5. Bf4 c6 6. e3 Bd6 7. Bg3 Ne7 8. Nf3
O-O 9. Qb3 Ra7 10. Bd3 Bxg3 11. hxg3 Bf5 12. Qc2 Bxd3 13. Qxd3 Ng6 14. O-O-O Nd7
15. g4 b5 16. g5 Qa5 17. Kb1 b4 18. Ne2 Qb5 19. Qxb5 axb5 20. Nc1 Rfa8 21. Ne1
b3 22. axb3 c5 23. Nc2 Ne7 24. b4 cxd4 25. exd4 Nf8 26. Ne2 Ne6 27. f4 Nf5 28.
Rh3 Nd6 29. Rdh1 Nf8 30. Nc3 Nc4 31. Kc1 Re8 32. Nxb5 Ra2 33. Nba3 Re2 34. Nxc4
dxc4 35. Rc3 f6 36. gxf6 Ne6 37. Rxc4 Nxf4 38. f7+ Kf8 39. Rc8+ Kxf7 40. Rf1 g5
41. g3 h5 42. Rc5 Kg6 43. gxf4 g4 44. Rg5+ Kf6 45. Rxh5 Ra8 46. Rg1 Rc8 47. Rc5
Rg8 48. Rg3 Re4 49. Ne3 Rxd4 50. Nxg4+ Ke6 51. Re3+ Kd6 52. Ne5 Rg1+ 53. Kc2
Rxb4 54. Rc6+ Kd5 55. Rd3+ Ke4 56. Rc4+ 1-0

[Event "1st Qinhuangdao Open"]
[Site "Qinhuangdao CHN"]
[Date "2011.10.04"]
[Round "6"]
[White "Wen, Yang"]
[Black "Wang, Yu A."]
[Result "1/2-1/2"]
[WhiteTitle "GM"]
[BlackTitle "IM"]
[WhiteElo "2547"]
[BlackElo "2360"]
[WhiteFideId "8602956"]
[BlackFideId "8601097"]
[EventDate "2011.10.01"]

1. d4 d5 2. c4 c6 3. Nf3 Nf6 4. e3 Bf5 5. Nc3 e6 6. Nh4 Be4 7. f3 Bg6 8. Qb3 Qc7
9. Bd2 Be7 10. g3 Nbd7 11. Rc1 Nb6 12. cxd5 exd5 13. Kf2 O-O 14. Nxg6 fxg6 15.
Kg2 Kh8 16. Bd3 Rae8 17. Ne2 Qd7 18. Qc2 Nc8 19. h4 Bd6 20. Rcf1 Bc7 21. Nf4 Nd6
22. Bc1 Nf5 23. Qf2 Nh5 24. Nxh5 1/2-1/2

[Event "1st Qinhuangdao Open"]
[Site "Qinhuangdao CHN"]
[Date "2011.10.04"]
[Round "6"]
[White "Lu, Shanglei"]
[Black "Zhang, Hanyu"]
[Result "1-0"]
[WhiteTitle "IM"]
[WhiteElo "2517"]
[BlackElo "2102"]
[WhiteFideId "8603332"]
[BlackFideId "8607974"]
[EventDate "2011.10.01"]

1. e4 c5 2. Nf3 d6 3. d4 cxd4 4. Nxd4 Nf6 5. Nc3 a6 6. h3 b5 7. g4 Bb7 8. Bg2 e6
9. a3 h6 10. f4 d5 11. e5 Nfd7 12. Be3 Nc6 13. Nxc6 Bxc6 14. Ne2 Qc7 15. Nd4 g5
16. f5 Qxe5 17. Qf3 Bb7 18. O-O-O Bg7 19. Rhe1 Nc5 20. Bxg5 Ne4 21. Bh4 Rc8 22.
Rf1 Rc7 23. Qe3 Rc4 24. fxe6 Rxd4 25. Rxf7 Rxd1+ 26. Kxd1 Nd6 27. Kc1 Ne4 28.
Kd1 Nd6 29. Qf2 1-0

[Event "1st Qinhuangdao Open"]
[Site "Qinhuangdao CHN"]
[Date "2011.10.04"]
[Round "6"]
[White "Li, Shilong"]
[Black "Wu, Wenjin"]
[Result "0-1"]
[WhiteTitle "GM"]
[BlackTitle "GM"]
[WhiteElo "2519"]
[BlackElo "2387"]
[WhiteFideId "8600678"]
[BlackFideId "8600716"]
[EventDate "2011.10.01"]

1. d4 d5 2. c4 e6 3. Nc3 Be7 4. Nf3 Nf6 5. Bg5 h6 6. Bh4 O-O 7. e3 Ne4 8. Bxe7
Qxe7 9. Rc1 c6 10. Bd3 Nxc3 11. Rxc3 Nd7 12. O-O e5 13. dxe5 dxc4 14. Bxc4 Nxe5
15. Nxe5 Qxe5 16. f4 Qe4 17. Qc1 Bf5 18. Bd3 Qd5 19. Bxf5 Qxf5 20. Rb3 Rab8 21.
Qb1 Qc5 22. Rc3 Qe7 23. e4 Rfd8 24. Qe1 Rd4 25. e5 Rbd8 26. Qe3 R8d5 27. Rc2 Qe6
28. Re2 Qf5 29. h3 h5 30. Qf3 Rd2 31. Rff2 R2d3 32. Re3 Rxe3 33. Qxe3 Qb1+ 34.
Kh2 h4 35. Rd2 Qc1 36. Re2 Qxe3 37. Rxe3 Rd2 38. Rb3 b6 39. Ra3 a5 40. Rc3 Rxb2
41. Rxc6 b5 42. a3 g6 43. e6 fxe6 44. Rxe6 Kf7 45. Rb6 a4 46. Kg1 Kg7 47. Kf1 b4
48. axb4 a3 0-1

[Event "1st Qinhuangdao Open"]
[Site "Qinhuangdao CHN"]
[Date "2011.10.04"]
[Round "6"]
[White "Ma, Zhonghan"]
[Black "Wan, Yunguo"]
[Result "1/2-1/2"]
[WhiteElo "2394"]
[BlackElo "2459"]
[WhiteFideId "8607206"]
[BlackFideId "8603189"]
[EventDate "2011.10.01"]

1. d4 Nf6 2. c4 g6 3. Nc3 Bg7 4. g3 c6 5. Bg2 d5 6. cxd5 cxd5 7. Nf3 O-O 8. Ne5
e6 9. O-O Nfd7 10. f4 Nc6 11. Be3 Nb6 12. Bf2 f5 13. a4 a5 14. Qb3 Bd7 15. Rfc1
Nb4 16. Nb5 Rc8 17. Be1 Bxe5 18. dxe5 Rxc1 19. Rxc1 Bxb5 20. axb5 Qd7 21. Rc5
Qe7 22. Bxb4 axb4 23. Qxb4 Nd7 24. Rc4 Qxb4 25. Rxb4 Ra8 26. Rb3 Ra5 27. Kf2 Ra8
28. Kg1 Ra5 29. Kf2 Nc5 30. Rb4 Kf7 31. Ke3 Ke7 32. Kd4 b6 33. Kc3 Kf7 34. Kd4
Ke7 35. Kc3 Ra1 36. Kc2 h6 37. Rd4 g5 38. Rd1 Ra4 39. e3 Rc4+ 40. Kd2 Rb4 41.
Kc2 Rb3 42. Re1 Kf7 43. Bf3 Kg6 44. Be2 Kf7 45. Bf3 Kg6 46. Be2 g4 47. Bf1 h5
48. Bg2 h4 49. gxh4 Kh5 50. Bf1 Kxh4 51. Ra1 g3 52. hxg3+ Kxg3 53. Ra6 Kf2 54.
Rxb6 Rxb2+ 55. Kxb2 Na4+ 56. Kc2 Nxb6 57. Bd3 Kxe3 58. Bxf5 Kxf4 59. Bxe6 Kxe5
60. Bxd5 Kxd5 1/2-1/2

[Event "1st Qinhuangdao Open"]
[Site "Qinhuangdao CHN"]
[Date "2011.10.04"]
[Round "6"]
[White "Ma, Qun"]
[Black "Ding, Yixin"]
[Result "1-0"]
[BlackTitle "WGM"]
[WhiteElo "2455"]
[BlackElo "2340"]
[WhiteFideId "8603154"]
[BlackFideId "8602972"]
[EventDate "2011.10.01"]

1. e4 c5 2. Nf3 e6 3. d4 cxd4 4. Nxd4 a6 5. Bd3 Nf6 6. O-O Qc7 7. Qe2 d6 8. c4
g6 9. Nc3 Bg7 10. h3 O-O 11. Nf3 Nc6 12. Bf4 Nd7 13. Rac1 Nde5 14. Rfd1 Re8 15.
Qe3 Bd7 16. Bf1 Bf8 17. Nh2 f6 18. Bg3 Rad8 19. Rd2 Na5 20. b3 Be7 21. f4 Nf7
22. Bf2 Rb8 23. Ng4 h5 24. Nh2 b5 25. cxb5 axb5 26. Rdc2 Qd8 27. Nf3 Kg7 28. Ne2
Rb7 29. Ng3 d5 30. Qd2 Ba3 31. Rd1 dxe4 32. Nxe4 Qa8 33. Nxf6 Kxf6 34. Qc3+ Ke7
35. Qg7 Qd8 36. Qc3 Qa8 37. Qg7 Rf8 38. Ne5 Qa6 39. Bh4+ Ke8 40. Qxf7+ Rxf7 41.
Rc8+ 1-0

[Event "1st Qinhuangdao Open"]
[Site "Qinhuangdao CHN"]
[Date "2011.10.04"]
[Round "6"]
[White "Mu, Ke"]
[Black "Batchuluun, Tsegmed"]
[Result "0-1"]
[BlackTitle "IM"]
[WhiteElo "2278"]
[BlackElo "2435"]
[WhiteFideId "8602778"]
[BlackFideId "4900847"]
[EventDate "2011.10.01"]

1. Nf3 Nf6 2. d4 d5 3. c4 c6 4. e3 Bf5 5. Nc3 e6 6. Nh4 Be4 7. f3 Bg6 8. Qb3 Qc7
9. Bd2 Be7 10. Bc1 Bf8 11. Bd2 Be7 12. g3 Nbd7 13. Nxg6 hxg6 14. O-O-O dxc4 15.
Bxc4 b5 16. Bd3 a6 17. Qc2 c5 18. Kb1 Rc8 19. Ne2 Qb7 20. Rc1 O-O 21. Be4 Qb8
22. Qd1 Nxe4 23. fxe4 Qb7 24. Qc2 Qb8 25. Qd1 Qb7 26. e5 Nb6 27. h4 cxd4 28.
exd4 Qe4+ 29. Ka1 Rxc1+ 30. Bxc1 Nd5 31. Nc3 Nxc3 32. bxc3 Rc8 33. Re1 Qg2 34.
Qd3 Rc4 35. Bd2 a5 36. Rf1 Ba3 37. Rb1 Qc6 38. g4 b4 39. h5 bxc3 40. Rb8+ Bf8
41. hxg6 cxd2 42. gxf7+ Kxf7 43. Qf1+ Kg6 44. Qd3+ Kf7 45. Qf1+ Kg6 46. Qd3+ Kh6
47. Qxd2+ Kh7 48. Rxf8 Qh1+ 49. Kb2 Qc6 50. Ka1 Qh1+ 51. Kb2 Rb4+ 52. Kc3 Qa1+ 0-1

[Event "1st Qinhuangdao Open"]
[Site "Qinhuangdao CHN"]
[Date "2011.10.04"]
[Round "6"]
[White "Guo, Qi"]
[Black "Lou, Yiping"]
[Result "1/2-1/2"]
[WhiteTitle "WGM"]
[BlackTitle "IM"]
[WhiteElo "2367"]
[BlackElo "2433"]
[WhiteFideId "8604002"]
[BlackFideId "8603928"]
[EventDate "2011.10.01"]

1. d4 Nf6 2. c4 g6 3. Nc3 d5 4. Bf4 Bg7 5. e3 c5 6. dxc5 Qa5 7. Rc1 dxc4 8. Bxc4
O-O 9. Nf3 Qxc5 10. Bb3 Nc6 11. O-O Qa5 12. h3 Bf5 13. Qe2 Ne4 14. g4 Nxc3 15.
bxc3 Bd7 16. Rfd1 Rad8 17. Rd5 Qa3 18. Rcd1 Be6 19. Rxd8 Nxd8 20. Qb5 Bxb3 21.
axb3 a6 22. Qb6 Ne6 23. Be5 Qc5 24. Qxc5 Nxc5 25. Bxg7 Kxg7 26. b4 Ne4 27. Rd7
Nxc3 28. Rxe7 Rb8 29. g5 Nd5 30. Rd7 Nb6 31. Rc7 Nd5 32. Rd7 Nb6 33. Rd6 Nc4 34.
Rd7 Nb6 1/2-1/2